000
00283nam a22001337a 4500
008
180927b xxu||||| |||| 00| 0 eng d
020
_a
0712644457
041
_a
eng
080
_a
617
100
_a
5
101
_a
kir
245
_a
Surgery Of Spine
_c
Rathke.SCH
942
_2
udc
_c
BK
999
_c
48629
_d
48629